000 01042cam a2200277 a 4500
999 _c126684
_d126684
001 672334
003 ARRUPE
005 20170817102630.0
008 950627s1995 mdu b 001 0 eng
010 _a 95033958
020 _a0761800603 (alk. paper)
040 _aDLC
_cDLC
_dDLC
050 0 0 _aB825
_b.P47 1995
082 0 0 _a128/.2
_220
100 1 _aPeters, Selton Luke,
_d1948-
_934849
245 1 0 _aEmergent materialism :
_ba proposed solution to the mind/body problem /
_cSelton L. Peters.
260 _aLanham, Md. :
_bUniversity Press of America,
_cc1995.
300 _aix, 94 p. ;
_c22 cm.
504 _aIncludes bibliographical references (p. [89]-91) and index.
650 0 _aMaterialism.
_920157
650 0 _aMind and body.
_914387
906 _a7
_bcbc
_corignew
_d1
_eocip
_f19
_gy-gencatlg
942 _2lcc
_cMONOGRAPH